[Event "Olympiad Women 2024"]
[Site "Budapest HUN"]
[Date "2024.09.15"]
[Round "5.10"]
[Board "1"]
[White "Stefanova, Antoaneta"]
[Black "Rogule, Laura"]
[Result "1-0"]
[WhiteElo "2416"]
[BlackElo "2248"]
[PlyCount "85"]
[EventDate "2024.09.11"]
[WhiteTeam "Bulgaria"]
[BlackTeam "Latvia"]
[WhiteTeamCountry "BUL"]
[BlackTeamCountry "LAT"]

1. Nf3 d5 2. g3 c6 3. Bg2 Bg4 4. O-O Nd7 5. d3 Ngf6 6. h3 Bh5 7. Qe1 e5 8. Nh4 Bc5 9. e4 dxe4 10. dxe4 O-O 11. a4 a5 12. Nd2 Re8 ({RR} 12... Qc7 13. Kh1 Rfe8 14. Nb3 Bb4 15. Bd2 Bxd2 16. Qxd2 Red8 17. Qc3 Bg6 18. Nxg6 hxg6 19. Rfd1 b6 20. Bf3 Nf8 21. Kg2 Ne6 22. h4 g5 23. hxg5 Rxd1 24. Rxd1 Nxg5 25. Qe3 Nxf3 26. Qxf3 Rd8 27. Rxd8+ {½-½ Giri,A (2784)-So,W (2775) Qatar Masters op 2015 (5)}) 13. Nc4 Bf8 $146 ({RR} 13... Qc7 14. Bd2 b6 15. Kh1 Bg6 16. Rd1 Bf8 17. b3 Nc5 18. Nxg6 hxg6 19. Bc3 Ra6 20. Qe2 b5 21. Nb2 Raa8 22. f3 bxa4 23. bxa4 Nh5 24. Kh2 Ne6 25. Nc4 f6 26. h4 Bb4 27. Bb2 Rad8 28. Bh3 {0-1 Turov,M (2614)-Kevlishvili,R (2451) Vandoeuvre op 14th 2018 (7)}) ({RR} 13... Qc7 14. Bd2 b6 15. Bc3 Nf8 16. Nf5 N6d7 17. Kh1 f6 18. f3 Bf7 19. Qe2 Ne6 20. Rfd1 Nd4 21. Bxd4 exd4 22. f4 Rad8 23. Qg4 Bg6 24. Nxd4 Bxd4 25. Rxd4 Ne5 26. Nxe5 Rxd4 27. Nxg6 hxg6 28. Qxg6 {0-1 Efimov,L (2058)-Popov,K (2364) ch-Moscow Open Superfinal 2024 (1.25)}) ({RR} 13... Qc7 14. Be3 Bf8 15. g4 Bg6 16. Nxg6 hxg6 17. Bf3 Nc5 18. Bxc5 Bxc5 19. Rd1 Nh7 20. Qd2 Qe7 21. Bg2 Nf8 22. c3 g5 23. Nd6 Red8 24. Nf5 Qf6 25. Qc2 g6 26. Ne3 Rdc8 27. Rd3 Rc7 28. Rfd1 {0-1 Persanyi,B (2362)-Nguyen,H (2420) Budapest Vezerkepzo GM 7th 2021 (9)}) ({RR} 13... Qc7 14. Bd2 b6 15. Kh2 Bg6 16. Nxg6 hxg6 17. Qe2 Nf8 18. f4 exf4 19. Bxf4 Qe7 20. e5 Nd5 21. Bd2 Ne6 22. c3 Qc7 23. h4 Red8 24. Rad1 Ra7 25. Bc1 Ne7 26. Nd2 Nf5 27. Nf3 Rxd1 28. Rxd1 {1-0 Bruzon Batista,L (2644)-Kevlishvili,R (2483) Saint Louis SPICE Cup op 13th 2019 (9)}) 14. Bg5 Qc7 15. f3 Re6 16. Bd2 b6 17. Kh1 Nc5 18. Bc3 Nfd7 19. f4 exf4 20. gxf4 f6 21. e5 fxe5 22. fxe5 Rae8 23. Qf2 Kh8 24. Nd6 Bxd6 25. exd6 Rxd6 26. Qg3 Nf6 27. Nf5 Rd7 28. Bxf6 gxf6 29. Qh4 Be2 30. Qxf6+ Rg7 31. Rfe1 Ne4 32. Qxg7+ Qxg7 33. Nxg7 Kxg7 34. Kh2 Nd6 35. Bxc6 Rc8 36. Rxe2 Rxc6 37. Rg1+ Kf6 38. Rf1+ Nf5 39. c3 Rc5 40. Re8 Kg6 41. Rb8 Rc6 42. Rg8+ Kf7 43. Rg5 1-0

[Event "Olympiad Women 2024"]
[Site "Budapest HUN"]
[Date "2024.09.15"]
[Round "5.10"]
[Board "2"]
[White "Berzina, Ilze"]
[Black "Salimova, Nurgyul"]
[Result "0-1"]
[WhiteElo "2200"]
[BlackElo "2412"]
[PlyCount "64"]
[EventDate "2024.09.11"]
[WhiteTeam "Latvia"]
[BlackTeam "Bulgaria"]
[WhiteTeamCountry "LAT"]
[BlackTeamCountry "BUL"]

1. e4 e5 2. Nf3 Nc6 3. Bb5 a6 4. Ba4 d6 5. Bxc6+ bxc6 6. d4 exd4 7. Nxd4 c5 8. Nf3 g6 ({RR} 8... Bb7 9. O-O Nf6 10. Nc3 Be7 11. Re1 O-O 12. Bg5 Re8 13. Qd3 h6 14. Bd2 Bf8 15. Rad1 Re6 16. Nd5 Nxd5 17. exd5 Rxe1+ 18. Rxe1 Qd7 19. c4 c6 20. dxc6 Qxc6 21. Qe2 a5 22. Bc3 a4 23. h3 {0-1 Polgar,J (2656)-Timman,J (2639) Keres Memorial rapid 2001 (5)}) 9. Bg5 ({RR} 9. O-O Bg7 10. e5 Bg4 11. exd6 cxd6 12. Re1+ Ne7 13. Bg5 Be6 14. Nc3 O-O 15. Nd5 Bxd5 16. Bxe7 Bxf3 17. Qxf3 Qa5 18. Bxf8 Rxf8 19. c3 Qb6 20. Re2 Rb8 21. Rae1 Be5 22. h4 Qa5 23. a3 Qa4 {1-0 Castella Garcia,F (2317)-Mihelic,V (2140) Titled Tue 12th Mar Late 2024 (4)}) 9... Qd7 $146 ({RR} 9... f6 10. Bf4 Bg7 11. Nc3 Ne7 12. Qd2 h5 13. O-O-O Be6 14. Nd5 Qd7 15. Qa5 Ra7 16. Rhe1 O-O 17. Kb1 Rb8 18. Nxc7 Nc6 19. Qa3 Qxc7 20. Bxd6 Qb6 21. Bxc5 Qb5 22. Bxa7 Nxa7 23. Nd4 Qb6 24. Nxe6 {1-0 Pirverdiyev,A (2109)-Sai,K (2337) Wch U14 Porto Carras 2010 (3)}) ({RR} 9... f6 10. Bd2 Bg7 11. Bc3 Ne7 12. O-O O-O 13. Nbd2 Be6 14. Re1 Qd7 15. Qe2 Rfe8 16. Rad1 Bf7 17. Qd3 Qb5 18. b3 Nc6 19. Nc4 Nb4 20. Bxb4 cxb4 21. Ne3 Qxd3 22. cxd3 a5 23. Rc1 c5 24. Nc4 {½-½ Saito,V (2138)-Rodriguez Vila,A (2435) 9th Floripa Open 2023 (5.8)}) ({RR} 9... f6 10. Bd2 Bg7 11. Bc3 Ne7 12. O-O O-O 13. Nbd2 Be6 14. Re1 Qd7 15. Qe2 Rfe8 16. Rad1 Bf7 17. Qd3 Qb5 18. b3 Nc6 19. Nc4 Nb4 20. Bxb4 cxb4 21. Ne3 Qxd3 22. cxd3 a5 23. Rc1 c5 24. Nc4 {½-½ Saito,V (2138)-Rodriguez Vila,A (2435) 9th Floripa Open 2023 (5.8)}) 10. Nc3 Bg7 11. Qd2 Rb8 12. Rb1 h6 13. Bf4 g5 14. Bg3 Ne7 15. O-O f5 16. exf5 O-O 17. h4 g4 18. Nh2 Nxf5 19. Nd5 Bb7 20. c4 Bd4 21. Kh1 Bxd5 22. cxd5 Qg7 23. b3 Rbe8 24. Qd3 h5 25. Rbe1 Qf7 26. Rxe8 Rxe8 27. Qd2 Qxd5 28. Qg5+ Bg7 29. Bf4 Kf8 30. f3 g3 31. Bxg3 Qf7 32. Re1 Bh6 0-1

[Event "Olympiad Women 2024"]
[Site "Budapest HUN"]
[Date "2024.09.15"]
[Round "5.10"]
[Board "4"]
[White "Krumina, Linda"]
[Black "Krasteva, Beloslava"]
[Result "1-0"]
[WhiteElo "2091"]
[BlackElo "2295"]
[PlyCount "97"]
[EventDate "2024.09.11"]
[WhiteTeam "Latvia"]
[BlackTeam "Bulgaria"]
[WhiteTeamCountry "LAT"]
[BlackTeamCountry "BUL"]

1. d4 Nf6 2. Nf3 e6 3. e3 b6 4. Bd3 Bb7 5. O-O d5 6. b3 Bd6 7. Bb2 O-O 8. Ne5 c5 9. Nd2 Nc6 10. f4 Rc8 11. a3 Ne7 12. Qf3 ({RR} 12. dxc5 Bxc5 13. Rf3 Nf5 14. Bxf5 exf5 15. b4 Be7 16. Rg3 g6 17. Bd4 Re8 18. h4 h5 19. Nxg6 fxg6 20. Rxg6+ Kf7 21. Rg5 Ng4 22. Rg7+ Ke6 23. Nf3 Rg8 24. Rh7 Ba6 25. Ng5+ Bxg5 26. hxg5 Rc7 {0-1 Vaganian,R (2570)-Kryvoruchko,Y (2706) EU-ch 15th Yerevan 2014 (2)}) 12... b5 13. Bxb5 $146 ({RR} 13. dxc5 Bxc5 14. Qh3 Nf5 15. Bxf5 exf5 16. Kh1 d4 17. Qxf5 dxe3 18. Ndf3 Be4 19. Qg5 h6 20. Qg3 Bxc2 21. Nd7 Qxd7 22. Bxf6 Bg6 23. Bb2 Rfd8 24. f5 Qxf5 25. Ne5 Qe6 26. Nxf7 Rd2 27. Nxh6+ gxh6 {1-0 Vasilevich,T (2368)-Hou,Y (2578) WMSG Blitz Pair 1st 2008 (10)}) ({RR} 13. dxc5 Bxc5 14. b4 Bb6 15. g4 Ne4 16. Rad1 Nxd2 17. Rxd2 f6 18. Qh3 g6 19. g5 fxe5 20. Qxe6+ Rf7 21. Qxe5 d4 22. Be4 Bxe4 23. Rxd4 Bxd4 24. Bxd4 Kf8 25. Qxe4 Qd5 26. Qd3 Qc4 27. Qxc4 Rxc4 {0-1 Mackenzie,W (1902)-Doll,A (2184) 13th Split Open 2024 (10.24)}) ({RR} 13. dxc5 Bxc5 14. Kh1 Nf5 15. Bxf5 exf5 16. Nd3 Bb6 17. Rac1 Re8 18. Rfe1 Re6 19. Ne5 Qe7 20. Qe2 Ng4 21. Nf1 Nxe5 22. fxe5 d4 23. exd4 Rg6 24. Ng3 Qh4 25. Nxf5 Rxg2 26. Qxg2 Bxg2+ 27. Kxg2 Qg5+ {0-1 Rangel,D (2331)-El Debs,F (2531) Cuiaba Contaud op 2017 (3)}) ({RR} 13. dxc5 Bxc5 14. Qh3 Ne4 15. Rad1 Qc7 16. Nd7 Nf5 17. Nxe4 Bxe3+ 18. Kh1 f6 19. Nexf6+ gxf6 20. Nxf8 Rxf8 21. Bxf5 d4 22. Bxe6+ Kh8 23. Bxd4 Bxd4 24. Rxd4 Qxc2 25. Rd7 Be4 26. f5 {1-0 Vasilevich,T (2368)-Hou,Y (2578) WMSG Rapid 1st (Women) 2008 (1)}) 13... cxd4 14. Bxd4 Rxc2 15. Qd1 Rc8 16. b4 Nf5 17. Nb3 Ne4 18. Rc1 Rxc1 19. Qxc1 f6 20. Nd7 Rf7 21. Nbc5 Bxc5 22. Nxc5 Bc8 23. Qb2 Ned6 24. Bd3 Nc4 25. Bxc4 dxc4 26. Rc1 Qd5 27. Qc3 Nd6 28. Qc2 e5 29. Bc3 exf4 30. Rd1 Qc6 31. exf4 Re7 32. a4 Bg4 33. Re1 Qe8 34. Rxe7 Qxe7 35. Qd2 Kf7 36. Qd5+ Be6 37. Qh5+ Kf8 38. Qe2 Bd5 39. Qd2 Bc6 40. b5 Nb7 41. Nxb7 Qxb7 42. Qd6+ Qe7 43. Qxe7+ Kxe7 44. bxc6 Kd6 45. f5 Kxc6 46. Kf2 h5 47. Ke3 Kd5 48. h4 a6 49. g3 1-0

[Event "Olympiad Women 2024"]
[Site "Budapest HUN"]
[Date "2024.09.15"]
[Round "5.11"]
[Board "3"]
[White "Guichard, Pauline"]
[Black "Karimi, Setayesh"]
[Result "1/2-1/2"]
[WhiteElo "2374"]
[BlackElo "2105"]
[PlyCount "94"]
[EventDate "2024.09.11"]
[WhiteTeam "France"]
[BlackTeam "Iran"]
[WhiteTeamCountry "FRA"]
[BlackTeamCountry "IRI"]

1. d4 Nf6 2. c4 g6 3. Nc3 d5 4. cxd5 Nxd5 5. Bd2 Bg7 6. e4 Nb6 7. Be3 O-O 8. a4 a5 9. h3 Nc6 10. Nf3 f5 11. exf5 Bxf5 12. Be2 Nb4 ({RR} 12... Kh8 13. O-O Nb4 14. Rc1 c6 15. Re1 N6d5 16. Bg5 h6 17. Bd2 Nc7 18. Bf1 Qd7 19. Be3 Ncd5 20. Nxd5 Nxd5 21. Bd2 Nb4 22. Bf4 Rad8 23. Be5 g5 24. Rc5 Bf6 25. Qd2 b6 26. Rc3 Kh7 27. Bc4 {1-0 Knaak,R (2451)-Mihalcisin,A (2455) Wolfgang Uhlmann Inv 2023 (8.1)}) 13. Rc1 c6 14. O-O Qd6 $146 ({RR} 14... N6d5 15. Bd2 Qd6 16. Re1 Kh8 17. Nxd5 Nxd5 18. Bc4 Nb4 19. Qb3 Rad8 20. Bg5 Bf6 21. Bh6 Bg7 22. Qe3 Rde8 23. Bf4 Nd5 24. Bxd5 Qxd5 25. Rc5 Qd8 26. Be5 Bc8 27. Qh6 Rf6 28. Bxf6 exf6 29. Rxe8+ {1-0 Carlsen,M (2862)-Vachier Lagrave,M (2784) Opera Euro Rapid KO 2021 (2.33)}) 15. Qd2 Rad8 16. Rfd1 Rfe8 17. Bf4 e5 18. Nxe5 Bxe5 19. dxe5 Qxd2 20. Rxd2 Rxd2 21. Bxd2 Rxe5 22. Be3 N6d5 23. Bc4 Nd3 24. Bd4 Re7 25. Nxd5 cxd5 26. Bxd5+ Kf8 27. Rc3 Rd7 28. Bc5+ Nxc5 29. Rxc5 b6 30. Rc8+ Ke7 31. Bf3 Rd1+ 32. Bxd1 Bxc8 33. Bc2 Kd6 34. f4 Kd5 35. Kf2 Kd4 36. g4 Be6 37. Kg3 Bf7 38. Kh4 Ke3 39. f5 Kf4 40. fxg6 hxg6 41. g5 Be8 42. Bb1 Bf7 43. Bd3 Be8 44. Bb1 Bf7 45. Bc2 Be8 46. Bb3 Bd7 47. Bc2 Be8 1/2-1/2

[Event "Olympiad Women 2024"]
[Site "Budapest HUN"]
[Date "2024.09.15"]
[Round "5.11"]
[Board "4"]
[White "Hamedi Nia, Vesal"]
[Black "Benmesbah, Natacha"]
[Result "0-1"]
[WhiteElo "1986"]
[BlackElo "2258"]
[PlyCount "104"]
[EventDate "2024.09.11"]
[WhiteTeam "Iran"]
[BlackTeam "France"]
[WhiteTeamCountry "IRI"]
[BlackTeamCountry "FRA"]

1. d4 Nf6 2. Nf3 g6 3. Bg5 Bg7 4. Nbd2 d5 5. e3 O-O 6. a4 $146 ({RR} 6. h3 b6 7. c3 c5 8. Be2 Bb7 9. O-O Nbd7 10. Qa4 a6 11. Rad1 b5 12. Qa3 Qb6 13. b4 c4 14. Ne5 Rfe8 15. Bxf6 Nxf6 16. Rb1 Qd6 17. Qc1 Nd7 18. Nxd7 Qxd7 19. Rb2 a5 20. bxa5 Rxa5 {½-½ Basman,M-Hlousek,Z WchT Students 16th final A 1969 (2.2)}) ({RR} 6. Rc1 h6 7. Bh4 Nbd7 8. c4 c5 9. Be2 cxd4 10. Nxd4 e5 11. N4b3 a5 12. cxd5 g5 13. Bg3 Nxd5 14. Nc4 Nf4 15. O-O a4 16. Nbd2 Nxe2+ 17. Qxe2 f5 18. f3 Qe7 19. Qd3 Ra6 20. Rfd1 Kh8 {0-1 Ye,R (2540)-Lputian,S (2585) Shenzhen 1992 (10)}) ({RR} 6. h3 b6 7. Bd3 Bb7 8. O-O Nbd7 9. c3 Re8 10. Ne5 Nxe5 11. dxe5 Ne4 12. Bf4 c5 13. Bb5 Rf8 14. Nxe4 dxe4 15. Qxd8 Rfxd8 16. Rfd1 a6 17. Bd7 e6 18. Bg5 Rdb8 19. Bf6 Bxf6 20. exf6 Rd8 {1-0 Gnechko,R (2104)-Fernandez,G (2161) Titled Tue 25th Jun Early 2024 (1)}) ({RR} 6. h3 b6 7. c4 Bb7 8. cxd5 Nxd5 9. Be2 h6 10. Bh4 Nd7 11. O-O c5 12. Nc4 N5f6 13. dxc5 Nxc5 14. Nd4 Qd5 15. f3 Rad8 16. Qc2 Ne6 17. Rfd1 Nxd4 18. Rxd4 Qe6 19. Rxd8 Rxd8 20. Bf2 Nd5 {½-½ Sorensen,H (2235)-Norgaard,J (2325) Copenhagen Open-07 (Politiken Cup-06) 1985 (1)}) ({RR} 6. Rc1 b6 7. c4 Ba6 8. Be2 Ne4 9. Bh4 c5 10. O-O Nc6 11. cxd5 Bxe2 12. Qxe2 Nxd2 13. Qxd2 Qxd5 14. dxc5 Qxd2 15. Nxd2 b5 16. b3 Rfd8 17. Rfd1 Rd5 18. Kf1 Rad8 19. Ke2 g5 20. Bg3 f5 {1-0 Mohr,G (2450)-Ivanovic,B (2520) YUG-chT Cetinje 1990 (6)}) 6... c5 7. c3 cxd4 8. exd4 Nc6 9. Bd3 Nh5 10. O-O Qc7 11. Re1 Kh8 12. Nf1 f6 13. Bh4 e5 14. Be2 e4 15. N3d2 Nf4 16. Bg3 g5 17. Ne3 Qf7 18. Bb5 f5 19. Qb3 Be6 20. Nc2 Nd3 21. Bd6 Rfd8 22. Ba3 Nxe1 23. Rxe1 f4 24. Bf1 Rg8 25. Qb5 Bf6 26. Nb3 Rae8 27. Nc5 Bc8 28. Qb3 Rg7 29. Qa2 b6 30. Nb3 Bf5 31. Bb5 Rc8 32. Nb4 Nxb4 33. Bxb4 Bd7 34. Ba6 Rd8 35. a5 b5 36. Nc5 Bc6 37. b3 f3 38. gxf3 exf3 39. Qc2 Re8 40. Rf1 Bd8 41. Bc8 Bxa5 42. Bxa5 Rxc8 43. Kh1 Re8 44. Nd3 Qf5 45. Qd1 Re2 46. Rg1 g4 47. Rg3 Be8 48. Bd8 Bg6 49. Ne5 Qe4 50. Rg1 g3 51. hxg3 Rxf2 52. Rf1 Qe2 0-1

[Event "Olympiad Women 2024"]
[Site "Budapest HUN"]
[Date "2024.09.15"]
[Round "5.12"]
[Board "1"]
[White "Cori T., Deysi"]
[Black "Yao, Lan"]
[Result "1/2-1/2"]
[WhiteElo "2366"]
[BlackElo "2353"]
[PlyCount "99"]
[EventDate "2024.09.11"]
[WhiteTeam "Peru"]
[BlackTeam "England"]
[WhiteTeamCountry "PER"]
[BlackTeamCountry "ENG"]

1. Nf3 d5 2. g3 Nf6 3. Bg2 e6 4. O-O Be7 5. c4 O-O 6. b3 d4 7. e3 c5 8. exd4 cxd4 9. d3 Nc6 10. Na3 Re8 ({RR} 10... e5 11. Nc2 h6 12. Re1 Qc7 13. b4 Nxb4 14. Nxe5 Nxc2 15. Qxc2 Bd6 16. Nf3 Bc5 17. Bf4 Qd8 18. Rab1 Nd7 19. Ne5 Nxe5 20. Rxe5 Bb6 21. Rd5 Qf6 22. c5 Bd8 23. Be5 Qa6 24. Rxd4 Re8 25. c6 {1-0 Jones,G (2618)-Young,C (1829) 131st ch-NZL Rapid 2024 (3.1)}) 11. Nc2 e5 12. a3 a5 13. h3 $146 ({RR} 13. Re1 Nd7 14. Rb1 Rb8 15. b4 axb4 16. axb4 b5 17. c5 Bf8 18. Ng5 h6 19. Nxf7 Qf6 20. Qh5 Bb7 21. Bd5 Kh7 22. Bg5 g6 23. Qh4 Qg7 24. Nxh6 Qxh6 25. Bxh6 Bxh6 26. Ra1 Kg7 27. Bxc6 Bxc6 {1-0 Barria Zuniga,D (2341)-Svane,R (2637) Titled Tuesday intern op 07th Dec blitz 2021 (2)}) 13... h6 14. Re1 Bf8 15. g4 Qd6 16. Nd2 Be6 17. Rb1 Rab8 18. Qf3 Ne7 19. Qg3 Ng6 20. Ne4 Nxe4 21. Bxe4 Bd7 22. b4 b6 23. Re2 Be7 24. Ne1 axb4 25. axb4 Bh4 26. Qh2 Bc6 27. Qg2 Bxe4 28. Qxe4 Re6 29. Nf3 Qe7 30. Bd2 Re8 31. Qf5 Qb7 32. Qe4 Qe7 33. Qf5 Bf6 34. Ra1 Qc7 35. Ree1 e4 36. Rxe4 Rxe4 37. dxe4 Qxc4 38. g5 hxg5 39. Bxg5 Qd3 40. Bxf6 gxf6 41. Qxf6 Qxe4 42. Re1 Qa8 43. Rxe8+ Qxe8 44. Qxd4 Qc6 45. Qe3 Qd5 46. Qe8+ Kg7 47. Qe3 Kg8 48. Qe8+ Kg7 49. Qe3 Kg8 50. Qe8+ 1/2-1/2

[Event "Olympiad Women 2024"]
[Site "Budapest HUN"]
[Date "2024.09.15"]
[Round "5.12"]
[Board "2"]
[White "Houska, Jovanka"]
[Black "Aliaga Fernandez, Ingrid Y"]
[Result "1-0"]
[WhiteElo "2333"]
[BlackElo "2111"]
[PlyCount "93"]
[EventDate "2024.09.11"]
[WhiteTeam "England"]
[BlackTeam "Peru"]
[WhiteTeamCountry "ENG"]
[BlackTeamCountry "PER"]

1. d4 d5 2. c4 dxc4 3. Nf3 Nf6 4. e3 e6 5. Bxc4 c5 6. O-O a6 7. Nbd2 Nc6 8. dxc5 Bxc5 9. a3 O-O 10. b4 Bd6 11. Bb2 b5 12. Be2 Bb7 13. Qb1 $146 ({RR} 13. Rc1 Qe7 14. Qc2 Rfc8 15. Qb1 a5 16. Bxb5 axb4 17. a4 Na5 18. Ne5 Nd5 19. Nec4 Nxc4 20. Nxc4 Bc5 21. Rfd1 Ba6 22. Bxa6 Rxa6 23. a5 h6 24. Qe4 Ba7 25. Rxd5 Rac6 26. Rdd1 Qc7 27. Qe5 {1-0 Volkov,M (2340)-Brown,M (2509) Titled Tue 23rd Apr Early 2024 (5)}) ({RR} 13. Rc1 Qb8 14. h3 Ne5 15. Nb3 Nxf3+ 16. Bxf3 Bh2+ 17. Kh1 Bxf3 18. Qxf3 Be5 19. Bd4 Nd5 20. Rc5 Qd6 21. Bxe5 Qxe5 22. e4 Qb2 23. exd5 exd5 24. Rxd5 Qxa3 25. Rd4 Rac8 26. Nc5 Qb2 27. Rfd1 h6 {1-0 Volkov,M (2302)-Estrada Nieto,J (2199) Titled Tue 27th Feb Early 2024 (7)}) ({RR} 13. e4 Qb8 14. Rc1 Ne5 15. g3 Nxe4 16. Nxe4 Bxe4 17. Qd4 Bxf3 {0-1 Rama,T (2014)-Estrada Nieto,J (2263) Titled Tuesday intern op 05th Jul Late blitz 2022 (5)}) 13... Qe7 14. Rd1 Rfd8 15. Nf1 Rac8 16. Ng3 Bb8 17. Rxd8+ Rxd8 18. Qc2 h6 19. Rc1 Na7 20. Ne5 Rc8 21. Qb1 Rxc1+ 22. Qxc1 Qc7 23. Qa1 Ne8 24. Bh5 g6 25. Bd1 Nc6 26. Nd3 Qe7 27. Nc5 e5 28. Nxb7 Qxb7 29. Bf3 Qc7 30. Ne4 Ba7 31. Qc1 Kf8 32. Nc5 Ne7 33. Bxe5 Qc8 34. Bb7 Qf5 35. e4 Qh5 36. Nd7+ Kg8 37. Nf6+ Nxf6 38. Bxf6 Qe2 39. Bxe7 Bxf2+ 40. Kh1 Be1 41. Bc5 Bd2 42. Qb1 h5 43. Bxa6 h4 44. h3 g5 45. Bc8 Bf4 46. Bg4 Qd2 47. Qd1 1-0

[Event "Olympiad Women 2024"]
[Site "Budapest HUN"]
[Date "2024.09.15"]
[Round "5.12"]
[Board "4"]
[White "Sivanandan, Bodhana"]
[Black "Garcia Andrada, Heidy Nicole"]
[Result "0-1"]
[WhiteElo "2196"]
[BlackElo "2003"]
[PlyCount "66"]
[EventDate "2024.09.11"]
[WhiteTeam "England"]
[BlackTeam "Peru"]
[WhiteTeamCountry "ENG"]
[BlackTeamCountry "PER"]

1. e4 c5 2. Nf3 a6 3. c3 d5 4. exd5 Qxd5 5. d4 e6 6. Be3 cxd4 7. Qxd4 Nf6 8. Bc4 Qxd4 9. Bxd4 ({RR} 9. Nxd4 b5 10. Be2 Bb7 11. O-O Nbd7 12. Nd2 Nd5 13. Bg5 h6 14. Bh4 e5 15. Ne6 g5 16. Nxf8 Kxf8 17. Bg3 f5 18. f3 Nf4 19. Rfe1 Kg7 20. Bf1 Rhd8 21. Bf2 Kf6 22. a4 Bc6 23. Nb3 Nf8 {½-½ Warmerdam,M (2433)-Djukic,N (2574) EU-ch rapid Skopje 2018 (8)}) ({RR} 9. Nxd4 b5 10. Be2 Bb7 11. O-O Nbd7 12. Nd2 Nd5 13. Bg5 e5 14. N4f3 h6 15. Bh4 f5 16. h3 f4 17. Nd4 g5 18. Bh5+ Kd8 19. N4f3 Be7 20. Bg4 N5b6 21. Rfe1 Bf6 22. Rad1 Kc7 23. Nb3 Rad8 {0-1 Frutuoso,T (1835)-Goncalves,S (2209) 3rd Leca Chess Open 2024 (4.31)}) 9... Nc6 10. Nbd2 $146 ({RR} 10. Bb6 Nd7 11. Be3 b5 12. Be2 Bc5 13. Bxc5 Nxc5 14. O-O Bb7 15. Nbd2 Ke7 16. Nb3 Na4 17. Rab1 Rac8 18. Nfd2 Ne5 19. Na5 Rhd8 20. Rfd1 Bd5 21. Ndb3 Nc4 22. Nxc4 bxc4 23. Nd2 Rd6 24. Nf1 Rb6 {0-1 Heinemann,J (2221)-Vega Gutierrez,S (2375) FRA-chT Top 12 (Women) GpB 2016 (2.1)}) ({RR} 10. Bb6 Nd7 11. Be3 Bc5 12. Bxc5 Nxc5 13. Nbd2 Ke7 14. O-O Rd8 15. Rfe1 b5 16. Bf1 Na4 17. b3 Nxc3 18. Rec1 b4 19. a3 Bb7 20. axb4 Nb5 21. Nc4 Nxb4 22. Nb6 Bxf3 23. Nxa8 Bxa8 24. Ra4 Nd3 {0-1 Fischer,D (2125)-Baklan,V (2600) Boeblingen op 20th 2003 (2)}) 10... Be7 11. O-O O-O 12. Rad1 b5 13. Bb3 Bb7 14. Rfe1 Nxd4 15. Nxd4 Bd5 16. Bxd5 Nxd5 17. N2f3 Rfe8 18. Kf1 Rac8 19. g3 g6 20. Re2 Bf6 21. Ne5 h5 22. h4 Re7 23. Nc2 Rec7 24. Nd3 a5 25. Ne3 Nb6 26. Red2 Kg7 27. Nc1 b4 28. Ne2 bxc3 29. bxc3 Na4 30. Rd7 Nxc3 31. Nxc3 Rxd7 32. Rxd7 Rxc3 33. Ke2 g5 0-1

[Event "Olympiad Women 2024"]
[Site "Budapest HUN"]
[Date "2024.09.15"]
[Round "5.14"]
[Board "1"]
[White "Injac, Teodora"]
[Black "Movsesian, Julia"]
[Result "1-0"]
[WhiteElo "2425"]
[BlackElo "2198"]
[PlyCount "81"]
[EventDate "2024.09.11"]
[WhiteTeam "Serbia"]
[BlackTeam "Czech Republic"]
[WhiteTeamCountry "SRB"]
[BlackTeamCountry "CZE"]

1. c4 e6 2. Nf3 Nf6 3. g3 d5 4. Bg2 d4 5. d3 c5 6. e4 Nc6 7. e5 Nd7 8. Bf4 ({RR} 8. Qe2 Be7 9. h4 b6 10. Bf4 Bb7 11. Kf1 Qc7 12. Na3 a6 13. Nc2 O-O-O 14. a3 Kb8 15. Kg1 a5 16. b4 cxb4 17. axb4 Bxb4 18. Bg5 f6 19. exf6 gxf6 20. Bd2 Bxd2 21. Nxd2 e5 22. Na3 Nc5 {0-1 Grischuk,A (2778)-Mamedyarov,S (2782) Zagreb GCT Blitz 2021 (13)}) 8... Be7 9. h4 f6 ({RR} 9... Qb6 10. Qd2 f6 11. exf6 gxf6 12. h5 e5 13. Bh6 Nf8 14. Nh4 Bg4 15. Bd5 Be6 16. Bxf8 Bxd5 17. cxd5 Rxf8 18. dxc6 Qxc6 19. f3 f5 20. Qe2 O-O-O 21. Nd2 Bg5 22. O-O-O c4 23. Kb1 c3 24. Nc4 {0-1 Zlatkov,A (2301)-Erenberg,A (2493) Serbia Open 2024 (3.15)}) ({RR} 9... Qc7 10. Nbd2 Ndxe5 11. Nxe5 Nxe5 12. O-O f5 13. b4 Bd6 14. bxc5 Qxc5 15. Nb3 Qb4 16. Nxd4 Nf7 17. Rb1 Qc5 18. Be3 Qc7 19. Nb5 Qd7 20. Nxa7 Nd8 21. Nxc8 Qxc8 22. Qb3 O-O 23. c5 f4 24. cxd6 {1-0 Injac,T (2426)-Radeva,V (2293) 27th ECC Women 2023 (5.4)}) 10. exf6 Nxf6 $146 ({RR} 10... gxf6 11. Nxd4 Nde5 12. Nxc6 Nxc6 13. Qh5+ Kd7 14. O-O Qb6 15. Nc3 Nd4 16. Nb5 Nxb5 17. cxb5 e5 18. Bh6 Kd8 19. Qf7 Be6 20. Qh5 Qxb5 21. b4 Rc8 22. bxc5 Rxc5 23. Rab1 Qa6 24. Rxb7 Rc7 25. Rb8+ {1-0 Batsiashvili,N (2491)-Badelka,O (2453) Wch Blitz (Women) 2021 (10)}) ({RR} 10... gxf6 11. Nxd4 Nxd4 12. Qh5+ Kf8 13. Bh6+ Kg8 14. Qg4+ Kf7 15. Qg7+ Ke8 16. Qxh8+ Nf8 17. O-O Nc2 18. Nc3 Nxa1 19. Rxa1 Kd7 20. Rd1 Kc7 21. d4 cxd4 22. Nb5+ Kb6 23. Rxd4 Bd7 24. Bxf8 Bxf8 25. Qxh7 {1-0 Batsiashvili,N (2487)-Mkrtchian,L (2388) EU-ch (Women) 21st 2021 (9)}) ({RR} 10... Bxf6 11. O-O O-O 12. Nbd2 e5 13. Bg5 h6 14. Bxf6 Nxf6 15. Re1 Qc7 16. Nh2 Nb4 17. Ne4 Nxe4 18. Bxe4 Bf5 19. a3 Bxe4 20. Rxe4 Nc6 21. Qe2 Qf7 22. Kg2 Rae8 23. Re1 Re7 24. Nf3 Rfe8 25. Nd2 {1-0 Snape,I (2112)-Hutchinson,N (1979) ENG Chessable-ch Seniors 65+ 2022 (2)}) 11. Nbd2 O-O 12. O-O h6 13. Ne5 Nxe5 14. Bxe5 Nd7 15. Qe2 Nxe5 16. Qxe5 Bd6 17. Qe2 Qb6 18. Nf3 Bd7 19. Ne5 Bxe5 20. Qxe5 Rf6 21. Rae1 Raf8 22. Re2 Bc6 23. Be4 Bxe4 24. Qxe4 Qc7 25. Kg2 Qf7 26. f4 b6 27. a3 Qh5 28. Qf3 Qg6 29. h5 Qf7 30. Re5 Rf5 31. Rfe1 Rxe5 32. Rxe5 Qd7 33. Qe4 Rf6 34. b4 cxb4 35. axb4 Qa4 36. b5 Qc2+ 37. Qe2 Qxe2+ 38. Rxe2 Kf7 39. Ra2 e5 40. Rxa7+ Ke6 41. fxe5 1-0